| 000 | 02642nam a22002897a 4500 | ||
|---|---|---|---|
| 005 | 20140926155610.0 | ||
| 008 | 140916s1894 fr ||||fr|||| 001 0 fre d | ||
| 040 |
_cSandra Yazo _dSandra Yazo |
||
| 041 | 1 | _afre | |
| 082 | 0 | 4 |
_220 _a346.07972 |
| 092 | _aE32N051 | ||
| 110 |
_aMéxico _964872 |
||
| 242 | 0 | 0 |
_aCódigo de Comercio de México. _bPromulgado el 15 de septiembre de 1889 y vigente desde el 1 de enero de 1890 _cTraducido, anotado y con una introducción de Enrique Prudhomme _yspa |
| 245 | 1 | 0 |
_aCode de Commerce mexicain. _bPromulgué le 15 septembre 1889. Mis en vigueur le 1 janvier 1890. _cTraduit, annoté et précédé d’une Introduction par Henri Prudhomme. |
| 260 |
_aParís (Francia) _bA. Durand et Pedone-Lauriel, éditeurs [Durand, A. y Pedone-Lauriel, editores] _bImp. G. Saint-Aubin et Thevenot [Imprenta Saint-Aubin y Thevenot] _c1894 |
||
| 300 |
_alxxxiv, 435 páginas _c22 x 13 cm |
||
| 490 | 0 |
_aCollection de Codes étragers [Colección de Códigos extranjeros] _x10 |
|
| 500 | _aDetalles físicos: Encuadernación rígida (holandesa) en cartón duro forrado en papel. Lomo en cuero, nervaduras sobre costura y adornos en dorado. Guardas en papel impreso, imitando papel de agua. Hoja de cortesía. Anteportada. Portada impresa en una sola tinta. Texto impreso en una sola columna. Notas de pie de página. Ejemplar en buen estado. | ||
| 505 | 1 | _aIntroducción ; Libro 1 – 5: Sobre los Comerciantes ; Obligaciones comunes a todos aquellos que ejercen la profesión del comercio ; Los agentes o intermediarios -- El comercio terrestre ; Los actos de comercio y los contratos comerciales en general ; Las sociedades comerciales ; La comisión comercial ; El depósito de comercio ; El préstamo comercial ; La compraventa comercial ; Los contratos de seguros ; Los contratos y las letras de cambio ; Las libranzas y pagarés ; Cheques y cartas de crédito ; Transportes por vías terrestres y fluviales ; Prendas comerciales ; La moneda -- El comercio marítimo ; Embarcaciones ; Personas que intervienen en él ; Contratos especiales de comercio marítimo ; Riesgos, daños y accidentes en el comercio por mar ; Pago de averías -- Las quiebras -- Las instancias en materia de comercio ; Instancias ordinarias ; Instancias ejecutivas ; Procedimientos especiales en caso de quiebra. | |
| 506 | _aConsulta en sala | ||
| 546 | _aTexto en francés | ||
| 650 | 7 |
_912717 _aDerecho comercial _zMéxico |
|
| 650 | 7 |
_aDerecho comercial _xCódigos _zMéxico _964535 |
|
| 690 |
_942767 _aDerecho comercial |
||
| 700 | 1 |
_964292 _aPrudhomme, Henri, _d1851- _etraductor |
|
| 942 |
_2LOCAL _cLIBRO _e1 _hE32N051 |
||
| 999 |
_c296907 _d296907 |
||